Les nouveaux pays à chaque édition des JO d'hiver - Statistiques

Statistiques générales
  • Ce quiz a été pris 24 fois
  • Le résultat moyen est 61 sur 111
Statistiques - réponses
Hint Indice Réponse % Correct
1924 Europe B Belgique
100%
1924 Amérique C Canada
95%
1924 Europe F Finlande
95%
1924 Amérique E Etats-Unis
90%
1924 Europe F France
90%
1924 Europe H Hongrie
90%
1924 Europe I Italie
90%
1936 Océanie A Australie
80%
1924 Europe A Autriche
80%
1948 Europe D Danemark
80%
1936 Europe G Grèce
80%
1924 Europe L Lettonie
80%
1924 Europe N Norvège
80%
1924 Europe P Pologne
80%
1924 Europe S Suède
80%
1936 Asie/Europe T Turquie
80%
1924 Europe* Y Yougoslavie
80%
1928 Europe A Allemagne
75%
1956 Amérique B Bolivie
75%
1936 Europe B Bulgarie
75%
1948 Amérique C Chili
75%
1948 Asie C Corée-du-Sud
75%
1936 Europe E Espagne
75%
1928 Asie J Japon
75%
1952 Océanie N Nouvelle-Zélande
75%
1952 Europe P Portugal
75%
1924 Europe S Suisse
75%
1924 Europe* T Tchécoslovaquie
75%
1928 Amérique A Argentine
70%
1948 Europe I Islande
70%
1936 Europe L Liechtenstein
70%
1928 Europe L Luxembourg
70%
1928 Europe R Roumanie
70%
1924 Europe R Royaume-Uni
70%
1928 Europe E Estonie
65%
1948 Asie L Liban
65%
1928 Europe L Lituanie
65%
1928 Amérique M Mexique
65%
1960 Afrique A Afrique-du-Sud
60%
1964 Asie C Corée-du-nord
60%
1956 Asie I Iran
60%
1988 Amérique J Jamaïque
60%
2018 Europe K Kosovo
60%
1968 Afrique M Maroc
60%
1928 Europe P Pays-Bas
60%
1956 Asie/Europe U URSS
60%
2006 Europe A Albanie
55%
1980 Asie C Chine
55%
1988 Océanie F Fidji
55%
2022 Amérique H Haïti
55%
1998 Afrique K Kenya
55%
1964 Asie M Mongolie
55%
1992 Europe S Serbie
55%
2014 Afrique Z Zimbabwe
55%
1992 Afrique A Algérie
50%
1994 Europe B Bosnie-Herzégovine
50%
1992 Europe C Croatie
50%
1992 Europe I Irlande
50%
1994 Asie K Kazakhstan
50%
1976 Europe S Saint-Marin
50%
2014 Océanie T Tonga
50%
1994 Europe U Ukraine
50%
1998 Amérique V Venezuela
50%
1976 Europe A Andorre
45%
1998 Asie/Europe A Azerbaïdjan
45%
2010 Amérique C Colombie
45%
1980 Amérique C Costa Rica
45%
1984 Afrique E Egypte
45%
2006 Afrique E Ethiopie
45%
1994 Asie/Europe G Géorgie
45%
1994 Asie K Kirghizistan
45%
1994 Europe M Moldavie
45%
1994 Asie O Ouzbékistan
45%
1984 Afrique S Sénégal
45%
1992 Europe S Slovénie
45%
2002 Asie T Thaïlande
45%
1994 Amérique T Trinité-et-Tobago
45%
1998 Amérique U Uruguay
45%
1994 Europe B Biélorussie
40%
1992 Amérique B Brésil
40%
2014 Amérique D Dominique
40%
2018 Amérique E Equateur
40%
2018 Afrique E Erythrée
40%
1988 Amérique G Guatemala
40%
1998 Europe M Macédoine
40%
2006 Afrique M Madagascar
40%
2018 Asie M Malaisie
40%
2014 Europe M Malte
40%
1984 Europe M Monaco
40%
2010 Europe M Monténégro
40%
2018 Afrique N Nigeria
40%
2010 Amérique P Pérou
40%
2018 Asie S Singapour
40%
1994 Asie A Arménie
35%
1980 Europe C Chypre
35%
2010 Afrique G Ghana
35%
2002 Asie N Népal
35%
2010 Asie P Pakistan
35%
1972 Asie P Philippines
35%
1994 Europe S Slovaquie
35%
1972 Asie T Taïwan
35%
1994 Europe T Tchéquie
35%
2022 Asie A Arabie saoudite
30%
2002 Asie T Tadjikistan
30%
2014 Afrique T Togo
30%
2002 Afrique C Cameroun
25%
1992 Afrique E Eswatini
25%
2014 Asie T Timor oriental
25%
1964 Asie I Inde
20%
1992 Afrique H Honduras
5%
2014 Afrique P Paraguay
5%
Aucun quiz correspondant
Distribution des résultats
% des personnes avec chaque résultat
Percentile par nombre de réponses
Votre historique - résultats
Vous n’avez pas pris ce quiz